[Event "Stare Mesto op-B"]
[Site "Stare Mesto"]
[Date "2023.08.07"]
[Round "3"]
[White "Babula, Tomas"]
[Black "Kobersky, Matyas"]
[Result "1-0"]
[WhiteElo "1193"]
[BlackElo "1000"]
[PlyCount "99"]
[EventDate "2023.08.05"]
[EventType "swiss"]
[EventRounds "9"]
[EventCountry "CZE"]
[SourceTitle "EXT 2024"]
[Source "ChessBase"]
[SourceDate "2023.10.10"]
[SourceVersion "1"]
[SourceVersionDate "2023.10.10"]
[SourceQuality "1"]

1. d4 d6 2. e4 Nf6 3. Nc3 g6 4. Be3 Bg7 5. f3 0-0 6. Qd2 Re8 7. 0-0-0 d5 8. e5 Nfd7 9. Bh6 Bxh6 10. Qxh6 c5 11. Nxd5 cxd4 12. Rxd4 Nxe5 13. Nf6+ exf6 14. Rxd8 Rxd8 15. Ne2 Be6 16. Nc3 Nbc6 17. Be2 Nd4 18. Bd3 Nxd3+ 19. cxd3 Rac8 20. Kd2 Nf5 21. Qf4 Rd4 22. Ne4 g5 23. Nxf6+ Kf8 24. Qxg5 h6 25. Nh7+ Ke8 26. Nf6+ Ke7 27. Ng8+ Ke8 28. Nxh6 Nxh6 29. Qxh6 Rcd8 30. Qe3 Kf8 31. b3 Bf5 32. Qh6+ Ke7 33. Qg5+ Ke6 34. Re1+ Be4 35. Rxe4+ Rxe4 36. fxe4 f6 37. Qf5+ Kf7 38. h4 Rg8 39. g4 Rh8 40. h5 Rg8 41. e5 Ke7 42. Qxf6+ Kd7 43. Qf7+ Kc6 44. Qxg8 a5 45. Qe6+ Kb5 46. Qc4+ Kb6 47. e6 a4 48. e7 axb3 49. Qxb3+ Ka7 50. e8Q 1-0

[Event "CZE-chT U12"]
[Site "Jihlava"]
[Date "2022.06.12"]
[Round "8.5"]
[White "Babula, Tomas"]
[Black "Sara, David"]
[Result "1-0"]
[WhiteElo "1139"]
[BlackElo "1126"]
[PlyCount "47"]
[EventDate "2022.06.10"]
[EventType "team-swiss"]
[EventRounds "9"]
[EventCountry "CZE"]
[SourceTitle "CBM 209 Extra"]
[Source "ChessBase"]
[SourceDate "2022.09.30"]
[SourceVersion "1"]
[SourceVersionDate "2022.09.30"]
[SourceQuality "1"]
[WhiteTeam "Stare Mesto U12"]
[BlackTeam "Polabiny U12"]
[WhiteTeamCountry "CZE"]
[BlackTeamCountry "CZE"]

1. d4 d5 2. Bf4 Nc6 3. Nc3 Bf5 4. e3 Nf6 5. Nf3 a6 6. a3 e6 7. Bd3 Bd6 8. Bxd6 Qxd6 9. Bxf5 exf5 10. Qd3 Ne4 11. 0-0 0-0-0 12. Rfd1 f6 13. Nd2 g5 14. f3 Nxd2 15. Qxf5+ Kb8 16. Rxd2 h5 17. b4 g4 18. f4 h4 19. Qxg4 h3 20. g3 Rdg8 21. Qf3 Rh7 22. Qxd5 Qxd5 23. Nxd5 Ne7 24. Nxf6 1-0

[Event "CZE-chT U12"]
[Site "Jihlava"]
[Date "2022.06.11"]
[Round "4.5"]
[White "Babula, Tomas"]
[Black "Hujova, Tess"]
[Result "0-1"]
[WhiteElo "1139"]
[BlackElo "1107"]
[PlyCount "140"]
[EventDate "2022.06.10"]
[EventType "team-swiss"]
[EventRounds "9"]
[EventCountry "CZE"]
[SourceTitle "CBM 209 Extra"]
[Source "ChessBase"]
[SourceDate "2022.09.30"]
[SourceVersion "1"]
[SourceVersionDate "2022.09.30"]
[SourceQuality "1"]
[WhiteTeam "Stare Mesto U12"]
[BlackTeam "Celakovice Spartak U12"]
[WhiteTeamCountry "CZE"]
[BlackTeamCountry "CZE"]

1. d4 d5 2. Bf4 Nc6 3. Nc3 a6 4. Nf3 Nf6 5. e3 Bg4 6. Be2 e6 7. Ne5 Bxe2 8. Qxe2 Nxe5 9. Bxe5 Bd6 10. Bxd6 Qxd6 11. 0-0-0 0-0 12. e4 Qf4+ 13. Qd2 Qxd2+ 14. Rxd2 dxe4 15. Re2 Rad8 16. Rd1 Rfe8 17. Nxe4 Nd7 18. Re3 f5 19. Nc3 Nb6 20. d5 exd5 21. Rxe8+ Rxe8 22. Nxd5 Re2 23. Nxb6 cxb6 24. Rd8+ Kf7 25. Rd7+ Re7 26. Rxe7+ Kxe7 27. Kd2 Kd6 28. Ke3 g5 29. f4 g4 30. h3 h5 31. hxg4 hxg4 32. Kd4 b5 33. g3 b6 34. a3 a5 35. c3 a4 36. c4 bxc4 37. Kxc4 Kc6 38. Kb4 b5 39. Kc3 Kd5 40. Kd3 Kc5 41. Kc3 Kd5 42. Kd3 Kc5 43. b4+ Kd5 44. Kd2 Kd4 45. Ke2 Kc3 46. Ke3 Kb3 47. Kd4 Kxa3 48. Ke5 Kxb4 49. Kxf5 a3 50. Kxg4 a2 51. f5 a1Q 52. Kg5 Qg7+ 53. Kf4 Qf6 54. g4 Kc4 55. g5 Qd4+ 56. Kg3 Qe4 57. f6 Qg6 58. Kf4 b4 59. Ke5 Qxg5+ 60. Ke6 Qxf6+ 61. Kxf6 b3 62. Ke5 b2 63. Ke4 b1Q+ 64. Ke5 Qf1 65. Kd6 Qf5 66. Kc7 Qe6 67. Kb8 Qd7 68. Ka8 Kb5 69. Kb8 Kb6 70. Ka8 Qa7# 0-1

[Event "CZE-chT U12"]
[Site "Jihlava"]
[Date "2022.06.11"]
[Round "7.5"]
[White "Pesek, Jan Antonin1111"]
[Black "Babula, Tomas"]
[Result "1-0"]
[WhiteElo "1349"]
[BlackElo "1139"]
[PlyCount "117"]
[EventDate "2022.06.10"]
[EventType "team-swiss"]
[EventRounds "9"]
[EventCountry "CZE"]
[SourceTitle "CBM 209 Extra"]
[Source "ChessBase"]
[SourceDate "2022.09.30"]
[SourceVersion "1"]
[SourceVersionDate "2022.09.30"]
[SourceQuality "1"]
[WhiteTeam "Ricany U12"]
[BlackTeam "Stare Mesto U12"]
[WhiteTeamCountry "CZE"]
[BlackTeamCountry "CZE"]

1. e4 c5 2. Nf3 d6 3. d4 cxd4 4. Nxd4 Nf6 5. Nc3 g6 6. Be2 Bg7 7. 0-0 0-0 8. Be3 Bd7 9. Qd2 Nc6 10. f4 Bg4 11. f5 Nxd4 12. Bxd4 Bxe2 13. Qxe2 e5 14. Be3 d5 15. Bg5 Qb6+ 16. Kh1 Qxb2 17. Bxf6 Qxc3 18. Bxg7 Kxg7 19. exd5 f6 20. fxg6 hxg6 21. Rab1 b6 22. Rfd1 Rfd8 23. Qd3 Qc5 24. c4 Rd6 25. Rb5 Qc7 26. Rc1 a6 27. Rb2 Rc8 28. Rbc2 Qc5 29. h3 Qb4 30. a3 Qc5 31. a4 Qb4 32. Ra1 a5 33. Qa3 Qxa3 34. Rxa3 Rc5 35. Rd3 e4 36. Rd4 f5 37. g4 Kf6 38. gxf5 Kxf5 39. Re2 Kf6 40. Rdxe4 Kf7 41. Re6 Rxe6 42. dxe6+ Ke7 43. Re4 Rc6 44. Kg2 Rxe6 45. Rxe6+ Kxe6 46. Kf3 Kf5 47. h4 g5 48. hxg5 Kxg5 49. Ke4 Kf6 50. Kd5 Ke7 51. Kc6 Kd8 52. Kxb6 Kc8 53. Kxa5 Kb8 54. Kb6 Kc8 55. c5 Kb8 56. c6 Ka8 57. a5 Kb8 58. c7+ Ka8 59. c8Q# 1-0

[Event "CZE-chT U12"]
[Site "Jihlava"]
[Date "2022.06.10"]
[Round "2.5"]
[White "Babula, Tomas"]
[Black "Krisicova, Neli"]
[Result "1-0"]
[WhiteElo "1139"]
[BlackElo "1009"]
[PlyCount "71"]
[EventDate "2022.06.10"]
[EventType "team-swiss"]
[EventRounds "9"]
[EventCountry "CZE"]
[SourceTitle "CBM 209 Extra"]
[Source "ChessBase"]
[SourceDate "2022.09.30"]
[SourceVersion "1"]
[SourceVersionDate "2022.09.30"]
[SourceQuality "1"]
[WhiteTeam "Stare Mesto U12"]
[BlackTeam "Trinec U12"]
[WhiteTeamCountry "CZE"]
[BlackTeamCountry "CZE"]

1. d4 d5 2. Bf4 e6 3. Nc3 Nf6 4. Nf3 c5 5. e3 Bd7 6. Bb5 Bxb5 7. Nxb5 Na6 8. 0-0 Qd7 9. Nc3 Nc7 10. Ne5 Qd8 11. Qe2 cxd4 12. exd4 Bd6 13. Nb5 Ne4 14. f3 Nf6 15. Nxd6+ Qxd6 16. Qd2 Nd7 17. Nxf7 Qb6 18. Nxh8 Nf6 19. Qc3 Nb5 20. Qb4 Rd8 21. a4 Nxd4 22. Qxb6 axb6 23. Rae1 Kf8 24. c3 Nh5 25. Bc7 Rc8 26. Bxb6 Rc6 27. Bxd4 Kg8 28. Re5 Nf4 29. Rg5 h5 30. Bxg7 Kh7 31. Be5 Nd3 32. Rxh5+ Kg8 33. Bd4 Nf4 34. Rg5+ Kh7 35. Nf7 Rc7 36. Rg7# 1-0